| 000 | 00838nam a2200241Ia 4500 | ||
|---|---|---|---|
| 003 | GCL | ||
| 008 | 140319s9999 xx 000 0 ara d | ||
| 040 |
_aGCL / _cGCL |
||
| 082 | 0 | 4 |
_aق _b962.04 _bر ت |
| 100 | 1 | _aعلى احمد شكرى (مترجم) | |
| 245 | 1 | 0 |
_aتاريخ مصر قبل الاحتلال البريطانى وبعده / _cعلى احمد شكرى (مترجم) |
| 700 | 1 | _aروذستين، تيودور | |
| 260 |
_a[S.N] : _bدار الكتب المصرية ، _c1927 |
||
| 300 | _a592 ص | ||
| 490 | _a | ||
| 650 | 0 | 4 | _aالعصر الحديث |
| 650 | 0 | 4 | _aمصر |
| 650 | 0 | 4 | _aتاريخ |
| 650 | 0 | 4 | _aالاحوال الاجتماعية |
| 650 | 0 | 4 | _aالاحوال الاقتصادية |
| 650 | 0 | 4 | _aمصر - تاريخ - العصر الحديث - الثورة العرابية |
| 942 |
_2ddc _cBK |
||
| 999 |
_c59059 _d59059 |
||